| 000 | 00793nam a2200229 i 4500 | ||
|---|---|---|---|
| 001 | 18786 | ||
| 003 | ES-MaACL | ||
| 005 | 20230906151925.0 | ||
| 007 | t| | ||
| 008 | 020215s2001 sp ||||0| spa j | ||
| 020 | _a84-95099-39-X | ||
| 040 |
_aM-BN _bspa _cM-BN |
||
| 080 | _a75.031.1(460.186) | ||
| 100 | 1 |
_aGómez-Barrera, Juan A. _957830 |
|
| 245 | 1 | 0 |
_aEnsayos sobre el significado y la interpretación de las pinturas rupestres de Valonsadero / _cJuan A. Gómez-Barrera. |
| 260 |
_aSoria : _bDiputación Provincial de Soria, _c2001. |
||
| 300 |
_a295 p : _bil ; _c30 cm. |
||
| 504 | _aBibliografía: p. 271-289. | ||
| 650 | 4 |
_aPintura rupestre- _zSoria (Provincia) _916086 |
|
| 710 | 1 |
_aSoria (Provincia). _bDiputación Provincial. _96880 |
|
| 852 |
_aES-MaACL _jL-25271 _bR.130441 |
||
| 999 |
_c18786 _d18786 |
||